Saint Paul's epistle to the Ephesians. (Record no. 5810)

000 -LEADER
fixed length control field 00623nam a2200181 a 4500
001 - CONTROL NUMBER
control field :::00003552$&:&@@
003 - CONTROL NUMBER IDENTIFIER
control field OkBaRHE
005 - DATE AND TIME OF LATEST TRANSACTION
control field 20000607103307.0
008 - FIXED-LENGTH DATA ELEMENTS--GENERAL INFORMATION
fixed length control field s1978 j 000 0 eng u
040 ## - CATALOGING SOURCE
Transcribing agency
100 1# - MAIN ENTRY--PERSONAL NAME
Personal name Westcott, Brooke Foss, 1825-1901.
245 10 - TITLE STATEMENT
Title Saint Paul's epistle to the Ephesians.
260 ## - PUBLICATION, DISTRIBUTION, ETC. (IMPRINT)
Place of publication, distribution, etc Minneapolis, MN., :
Name of publisher, distributor, etc Klock & Klock Christian Publishers
Date of publication, distribution, etc 1978
300 ## - PHYSICAL DESCRIPTION
Extent 212 p. ;
Dimensions 23 cm.
650 ## - SUBJECT ADDED ENTRY--TOPICAL TERM
Topical term or geographic name as entry element Bible New Testament Ephesians
General subdivision Criticism, Interpretation, etc.
942 ## - ADDED ENTRY ELEMENTS (KOHA)
Source of classification or shelving scheme
Koha item type Books
Copies
Price effective from Source of classification or shelving scheme Copy number Date acquired Shelving location Barcode Not for loan Lost status Damaged status Koha item type Date last seen Permanent Location Withdrawn status Full call number
2010-04-14 12010-04-14General Stacks3552   Books2018-04-03RHEMA Bible Training College BS 2691 .W4